000 00469cam a2200193ua 4500
001 7533
008 141212n ii |||gr||||Z||||||ben
040 _cMAIN
041 _aben
082 _a370.954
100 _aHussain, J.,
_eAuthor.
245 _aEducational reconstruction in India
_cBy Jakir Hussain
250 _a1st.
260 _aNew Delhi:
_bNational,
_c1963.
300 _a64p.
653 _aEducation
653 _aEducational reconstruction
942 _cBK
999 _c6656
_d6656